|
|
|
|
| LEADER |
00000nam0a2200000 4500 |
| 001 |
679532 |
| 005 |
20250404171943.0 |
| 090 |
|
|
|a 679532
|
| 100 |
|
|
|a 20250404d1979 m||y0rusy50 ca
|
| 101 |
1 |
|
|a eng
|c rus
|
| 102 |
|
|
|a RU
|
| 105 |
|
|
|a y j 001yy
|
| 181 |
|
0 |
|a i
|b e
|
| 182 |
|
0 |
|a n
|
| 183 |
|
0 |
|a nc
|2 RDAcarrier
|
| 200 |
1 |
|
|a Математический анализ. Краткий курс для студентов инженерных специальностей
|d Mathematical Analysis. A Brief Course for Engineering Students
|e пер. с рус.
|f А. Ф. Бермант, И. Г. Араманович
|z eng
|
| 203 |
|
|
|a Текст
|b визуальный
|c непосредственный
|
| 210 |
|
|
|a Москва
|c Мир
|d 1979
|
| 215 |
|
|
|a 781 с.
|
| 283 |
|
|
|a volume
|2 RDAcarrier
|
| 300 |
|
|
|a На английском языке
|
| 320 |
|
|
|a Библиография: с. 768-769
|
| 320 |
|
|
|a Именной указатель: с. 770-771
|
| 320 |
|
|
|a Предметный указатель: с. 772-781
|
| 454 |
|
1 |
|0 36817
|9 36817
|a Бермант, Анисим Федорович
|t Краткий курс математического анализа
|o учебник
|f А. Ф. Бермант, И. Г. Араманович
|c Москва
|n Наука
|d 1973
|p 720 с.
|
| 606 |
|
|
|a Математический анализ
|2 stltpush
|3 (RuTPU)RU\TPU\subj\41236
|9 61042
|
| 610 |
1 |
|
|a математика
|
| 610 |
1 |
|
|a пределы
|
| 610 |
1 |
|
|a дифференциальные исчисления
|
| 610 |
1 |
|
|a интегралы
|
| 610 |
1 |
|
|a интегральные исчисления
|
| 610 |
1 |
|
|a дифференциальные уравнения
|
| 610 |
1 |
|
|a ряды
|
| 610 |
1 |
|
|a учебные пособия
|
| 610 |
1 |
|
|a английский язык
|
| 675 |
|
|
|a 517(075.8)
|v 3
|
| 700 |
|
1 |
|a Бермант
|b А. Ф.
|g Анисим Федорович
|
| 701 |
|
1 |
|a Араманович
|b И. Г.
|g Исаак Генрихович
|
| 801 |
|
0 |
|a RU
|b 63413507
|c 20250404
|g PSBO
|
| 830 |
|
|
|a Ретро2025Каталогизация Батурина
|
| 942 |
|
|
|c BK
|